000 00881nam a2200265 4500
001 6104
010 _a9789720727473
021 _b456203/19
090 _a6104
100 _a20200221d2019 e y0pory50030103ba
200 1 _aCarta a El-Rei D. Manuel sobre o achamento do Brasil
_fPero Vaz de Caminha
_gil. L. Filipe dos Santos
_grev. cient. (adapt.) Francisco Topa
205 _a1ª ed
210 9 _aPorto
_cPorto Editora,
_d2019
215 _a77, [3] p.
_cil.
_d20 cm
225 2 _aEducação literária
532 1 2 _aCarta a El-Rei Dom Manuel sobre o achamento do Brasil
675 _a910.4(469+81)
_vPT
_zpor
675 _a821.134.3-992
_vPT
_zpor
675 _a821.134.3-6
_vPT
_zpor
700 1 _aCaminha,
_bPero Vaz de,
_f1437-1501
702 1 _aSantos,
_bL. Filipe dos
702 1 _aTopa,
_bFrancisco,
_f1966-
801 0 _aPT
_bBMVN
_gRPC
830 _cSílvia Neutel
_d14.01.2026
990 _cLIVROS